Letters and Numbers Geography - Statistics

General Stats
  • This quiz has been taken 38 times
  • The average score is 10 of 15
Answer Stats
Number First Letter Answer % Correct
US State with longest shoreline on Great Lakes M Michigan
91%
7th largest desert K {Kalahari} Desert
84%
Smallest country with more than 1 border A Andorra
81%
Country containing the most land in the desert from the last question B Botswana
81%
Great Lake Canada has the 2nd most shoreline on S Lake {Superior}
81%
7th longest river in the world Y {Yellow} River
81%
Country with 8th largest forested area I Indonesia
78%
Country with 5th most active volcanoes C Chile
72%
Country with 3rd highest cheese consumption per capita L Luxembourg
72%
2nd least densely populated country N Namibia
72%
5th most populous capital city in the EU B Bucharest
63%
6th most populous city in Oceania A Adelaide
56%
Capital city with 10th highest elevation N Nairobi
50%
Country whose flag has the 4th highest percentage of white on it S South Korea
47%
Lake with the 5th highest volume M Lake {Malawi}
38%
No matching quizzes found
Score Distribution
Percent of People with Each Score
Percentile by Number Answered
Your Score History
You have not taken this quiz